| 000 -LEADER |
| fixed length control field |
02258nam a22002057a 4500 |
| 003 - CONTROL NUMBER IDENTIFIER |
| control field |
OSt |
| 005 - DATE AND TIME OF LATEST TRANSACTION |
| control field |
20250626101926.0 |
| 008 - FIXED-LENGTH DATA ELEMENTS--GENERAL INFORMATION |
| fixed length control field |
250626b ||||| |||| 00| 0 eng d |
| 020 ## - INTERNATIONAL STANDARD BOOK NUMBER |
| International Standard Book Number |
9781405940207 |
| 040 ## - CATALOGING SOURCE |
| Transcribing agency |
KH8 |
| 082 ## - DEWEY DECIMAL CLASSIFICATION NUMBER |
| Classification number |
FIC TOW |
| 100 ## - MAIN ENTRY--PERSONAL NAME |
| Personal name |
Townsend, Sue, |
| Relator term |
author. |
| 245 ## - TITLE STATEMENT |
| Title |
Adrian Mole : |
| Remainder of title |
The Prostrate Years / |
| Statement of responsibility, etc. |
Sue Townsend. |
| 260 ## - PUBLICATION, DISTRIBUTION, ETC. |
| Place of publication, distribution, etc. |
United Kingdom ; |
| Name of publisher, distributor, etc. |
Penguin Random House , |
| Date of publication, distribution, etc. |
2017. |
| 300 ## - PHYSICAL DESCRIPTION |
| Extent |
405 pages : |
| Dimensions |
18 cm. |
| 520 ## - SUMMARY, ETC. |
| Summary, etc. |
ADRIAN MOLE is thirty-nine and a quarter. Unable to afford the mortgage on his riverside apartment, pay his credit-card bills or keep up with the payments on his store-cards, he has been forced to move to a dismal part of the Leicestershire countryside, just outside the village of Mangold Parva, and live in a semi-detached converted pigsty next door to his parents, George and Pauline. He ekes out a living in a second-hand bookshop, owned by the patrician Mr Carlton-Hayes, a man he wishes he could call 'father'. His sophisticated and ravishing wife Daisy loathes the countryside, longs for Dean Street and has yet to buy a pair of wellingtons; they are both aware the passion has gone out of their marriage, but neither knows how to reignite the flame. To cap it all, Adrian is leaving his bed five times a night to go to the lavatory and has other alarming symptoms, which lead him to suspect prostate trouble. Meanwhile, his mother Pauline is writing a fictitious misery memoir about her childhood - A Girl Called Shit - and thinks that an appearance on The Jeremy Kyle Show might solve the mystery of her daughter's paternity once and for all. Is Mr Lucas, the Moles' ex-next-door neighbour, Rosie's dad? And when George is asked to provide a paternity sample, will the shock kill him? He is already disabled, though he is still chain-smoking and has had an ashtray welded on to the arm of his wheelchair. As Adrian's worries multiply, a slightly drunken phone call to his old flame Dr Pandora Braithwaite, BA, MA, Ph.D., MP and Junior Minister in the Foreign Office (where her fluent Mandarin comes in useful), ignites memories of shared passion and makes him wonder, is she the only one who can save him now? |
| 650 ## - SUBJECT ADDED ENTRY--TOPICAL TERM |
| Topical term or geographic name entry element |
fiction |
| Form subdivision |
general |
| 650 ## - SUBJECT ADDED ENTRY--TOPICAL TERM |
| Topical term or geographic name entry element |
fiction |
| Form subdivision |
comedy |
| 942 ## - ADDED ENTRY ELEMENTS (KOHA) |
| Source of classification or shelving scheme |
|
| Koha item type |
Books - Fiction |